[Event "1.DeutChessOrgAmatPokVoelklingen GrAB "]
[Site "?"]
[Date "2000.10.06"]
[Round "1"]
[White "Bastian, Herbert"]
[Black "Morenko, Dmitro"]
[Result "1-0"]
[WhiteElo "2354"]
[BlackElo "2112"]
[PlyCount "87"]
[EventDate "2000.??.??"]

1. e4 c5 2. Nc3 Nc6 3. g3 g6 4. Bg2 Bg7 5. d3 e6 6. Be3 d6 7. f4 Nge7 8. Nf3
Nd4 9. O-O O-O 10. Rb1 Rb8 11. Ne2 Nxf3+ 12. Bxf3 b6 13. c4 d5 14. Bg2 f5 15.
exd5 exd5 16. d4 cxd4 17. Nxd4 dxc4 18. Qa4 b5 19. Nxb5 Qd3 20. Rfe1 Bd7 21.
Rbd1 Bxb5 22. Qxa7 Nc6 23. Bxc6 Bxc6 24. Rxd3 cxd3 25. Rc1 Rb7 26. Qa6 Be4 27.
Qe6+ Kh8 28. b3 Bb2 29. Qd6 Kg8 30. Rc4 Rbf7 31. a4 Re8 32. Kf2 Rfe7 33. Rc7
Kf7 34. b4 Rxc7 35. Qxc7+ Re7 36. Qc4+ Ke8 37. b5 Ba3 38. Qc8+ Kf7 39. b6 Bd5
40. Qc3 Bd6 41. Qxd3 Ke6 42. a5 h5 43. a6 h4 44. gxh4 1-0

[Event "1.DeutChessOrgAmatPokVoelklingen GrAB"]
[Site "?"]
[Date "2000.10.06"]
[Round "1"]
[White "Mischke, Luis"]
[Black "Lacrosse, Marc"]
[Result "0-1"]
[WhiteElo "2063"]
[BlackElo "2298"]
[PlyCount "64"]
[EventDate "2000.??.??"]

1. e4 e5 2. d4 exd4 3. c3 dxc3 4. Nf3 Nc6 5. Bc4 cxb2 6. Bxb2 d6 7. O-O Be6 8.
Bxe6 fxe6 9. Qb3 Qd7 10. Ng5 Nd8 11. f4 h6 12. Qh3 Nf6 13. e5 dxe5 14. fxe5 Qb5
15. Nd2 Qxb2 16. exf6 gxf6 17. Nxe6 Nxe6 18. Qxe6+ Be7 19. Nc4 Qd4+ 20. Kh1 Qd7
21. Qe3 Qc6 22. Rac1 Rh7 23. Rf4 b6 24. Re4 O-O-O 25. Qh3+ Kb8 26. Qf3 Bb4 27.
Rb1 Rhd7 28. h3 Rd3 29. Qf4 Rd1+ 30. Rxd1 Rxd1+ 31. Kh2 b5 32. Qf3 bxc4 0-1

[Event "1.DeutChessOrgAmatPokVoelklingen GrAB"]
[Site "?"]
[Date "2000.10.06"]
[Round "1"]
[White "Muranyi, Karl-Jasmin"]
[Black "Will, Matthias"]
[Result "1-0"]
[WhiteElo "2297"]
[BlackElo "2000"]
[PlyCount "71"]
[EventDate "2000.??.??"]

1. d4 f5 2. g4 fxg4 3. h3 g3 4. fxg3 Nf6 5. Bg2 d5 6. Nc3 e6 7. Bf4 Bd6 8. e3
Bxf4 9. gxf4 Nc6 10. Nf3 Ne7 11. Qd3 Bd7 12. h4 Nf5 13. Bh3 Qe7 14. Bxf5 exf5
15. Ne5 O-O-O 16. O-O-O Rhe8 17. a3 g6 18. Kb1 Qf8 19. Ka2 Re6 20. b4 Qe8 21.
Rb1 Rb6 22. Rb2 Ne4 23. Nxe4 fxe4 24. Qe2 Bb5 25. Qg4+ Qe6 26. Qxe6+ Rxe6 27.
Kb3 Ra6 28. c3 Bc4+ 29. Nxc4 dxc4+ 30. Kxc4 Rxa3 31. b5 a5 32. h5 Rd6 33. hxg6
hxg6 34. Rh8+ Kd7 35. Rh7+ Kc8 36. Re7 1-0

[Event "1.DeutChessOrgAmatPokVoelklingen GrAB"]
[Site "?"]
[Date "2000.10.06"]
[Round "1"]
[White "Braun, Burckhard"]
[Black "Lang, Torsten"]
[Result "0-1"]
[WhiteElo "1965"]
[BlackElo "2291"]
[PlyCount "48"]
[EventDate "2000.??.??"]

1. e4 c5 2. Nf3 Nc6 3. d4 cxd4 4. Nxd4 e5 5. Nf5 d5 6. Ng3 Nf6 7. exd5 Nxd5 8.
Bd3 Be6 9. O-O Bc5 10. Nd2 O-O 11. Nde4 Be7 12. f4 Nxf4 13. Bxf4 exf4 14. Nh5
g5 15. h4 h6 16. hxg5 hxg5 17. Nxf4 gxf4 18. Qh5 Qd4+ 19. Rf2 Qh8 20. Qf3 Qh6
21. g4 Ne5 22. Qg2 Bxg4 23. Raf1 Qb6 24. Nc3 Nf3+ 0-1

[Event "1.DeutChessOrgAmatPokVoelklingen GrAB"]
[Site "?"]
[Date "2000.10.06"]
[Round "1"]
[White "Packroff, Hermann"]
[Black "Lindemann, Nils"]
[Result "1/2-1/2"]
[WhiteElo "2250"]
[BlackElo "1957"]
[PlyCount "70"]
[EventDate "2000.??.??"]

1. d4 Nf6 2. Bg5 e6 3. Nf3 Be7 4. e3 b6 5. Bd3 Bb7 6. O-O d6 7. c4 Nbd7 8. Nc3
c5 9. Qe2 a6 10. Rfd1 h6 11. Bh4 Rc8 12. Rac1 O-O 13. Bb1 Qc7 14. b3 Rfe8 15.
h3 Qb8 16. Bg3 Qa8 17. Ne1 Ne4 18. Nxe4 Bxe4 19. f3 Bxb1 20. Rxb1 d5 21. Rbc1
dxc4 22. bxc4 cxd4 23. exd4 Bf6 24. Qe4 Qxe4 25. fxe4 Bg5 26. Rc2 Nf6 27. e5
Ne4 28. Bf2 b5 29. c5 b4 30. Rb1 a5 31. a3 Nc3 32. Rb3 Nd5 33. Nd3 a4 34. Rxb4
Nxb4 35. axb4 Ra8 1/2-1/2

[Event "1.DeutChessOrgAmatPokVoelklingen GrAB"]
[Site "?"]
[Date "2000.10.06"]
[Round "1"]
[White "Hilpisch, Ralf"]
[Black "Becker, Thomas"]
[Result "0-1"]
[WhiteElo "1932"]
[BlackElo "2175"]
[PlyCount "80"]
[EventDate "2000.??.??"]

1. d4 Nf6 2. c4 e6 3. Nc3 Bb4 4. Qc2 Nc6 5. Nf3 d6 6. a3 Bxc3+ 7. Qxc3 Qe7 8.
Bg5 h6 9. Bxf6 Qxf6 10. e4 e5 11. dxe5 dxe5 12. Be2 Bg4 13. O-O-O Bxf3 14. Qxf3
Qg5+ 15. Qe3 Nd4 16. Qxg5 hxg5 17. Bg4 Ke7 18. g3 Rad8 19. Kb1 c5 20. h4 gxh4
21. Rxh4 Rxh4 22. gxh4 Rd6 23. Rd3 Rf6 24. f3 Rh6 25. h5 Rd6 26. Ka2 a5 27. b3
Rb6 28. Bh3 Kf6 29. Re3 Kg5 30. Bg4 Kf4 31. Rd3 Kg3 32. Rd1 a4 33. bxa4 Ne2 34.
Rf1 Nc3+ 35. Ka1 Nxa4 36. Ka2 Rb2+ 37. Ka1 Rd2 38. Rg1+ Kf2 39. Rc1 Ke3 40. Kb1
Kd3 0-1

[Event "1.DeutChessOrgAmatPokVoelklingen GrAB"]
[Site "?"]
[Date "2000.10.06"]
[Round "1"]
[White "Welz, Peter,Dr."]
[Black "Schwarz, Karsten"]
[Result "1-0"]
[WhiteElo "2169"]
[BlackElo "1909"]
[PlyCount "97"]
[EventDate "2000.??.??"]

1. e4 d5 2. exd5 Qxd5 3. Nc3 Qa5 4. d4 c6 5. Nf3 Bf5 6. Bc4 e6 7. Bd2 Nf6 8.
Qe2 Bb4 9. O-O-O O-O 10. a3 Bxc3 11. Bxc3 Qc7 12. Ne5 b5 13. Ba2 a5 14. g4 Bg6
15. Bd2 b4 16. a4 Nbd7 17. h4 Be4 18. g5 Bxh1 19. gxf6 Bd5 20. Nxd7 Qxd7 21.
Qg4 g6 22. Qg5 Kh8 23. Bb1 Be4 24. Bf4 Qd5 25. Be5 Rac8 26. h5 Rg8 27. hxg6
Rxg6 28. Qe3 Rcg8 29. b3 Bf5 30. Kb2 Rg1 31. Rxg1 Rxg1 32. Qh6 Rxb1+ 33. Ka2
Rg1 34. Bg3 Ra1+ 35. Kxa1 Qxd4+ 36. Ka2 Qg4 37. Qf8+ Qg8 38. Qc5 Qa8 39. Bc7 h5
40. Bxa5 Kh7 41. Bxb4 Kg6 42. f3 Qe8 43. Bc3 Bxc2 44. Qg1+ Kf5 45. Qh2 Bxb3+
46. Kxb3 e5 47. Qxh5+ Kxf6 48. a5 c5 49. Qxe5+ 1-0

[Event "1.DeutChessOrgAmatPokVoelklingen GrAB"]
[Site "?"]
[Date "2000.10.06"]
[Round "1"]
[White "Reinke, Kurt"]
[Black "Augustin, Christian"]
[Result "0-1"]
[WhiteElo "1841"]
[BlackElo "2138"]
[Annotator "Voelklingen"]
[PlyCount "106"]
[EventDate "2000.??.??"]

1. d4 d5 2. Nf3 Nc6 3. c4 Bg4 4. e3 e5 5. cxd5 Qxd5 6. Nc3 Bb4 7. Be2 exd4 8.
exd4 Nf6 9. O-O Qd7 10. Be3 a6 11. Qb3 O-O 12. d5 Bd6 13. dxc6 Qxc6 14. Nd4 Qd7
15. Rad1 Rfe8 16. Qc2 Rad8 17. Nf3 h6 18. Rfe1 Qe6 19. Qb3 Qf5 20. h3 Bxh3 21.
gxh3 Qxh3 22. Qc4 Rxe3 23. Rxd6 Rxd6 24. fxe3 Qg3+ 25. Kf1 Ng4 26. Qxg4 Qxg4
27. Kf2 Rf6 28. Rh1 c6 29. Rg1 Qh4+ 30. Rg3 g5 31. Kg2 Qb4 32. Nd1 Qe4 33. Kh3
Rd6 34. Nc3 Qe6+ 35. Kg2 c5 36. e4 b5 37. e5 Rb6 38. Ne4 Qxa2 39. Nf6+ Rxf6 40.
exf6 Qxb2 41. Ng1 Qxf6 42. Bh5 Qb2+ 43. Ne2 c4 44. Re3 b4 45. Re7 Qf6 46. Re8+
Kg7 47. Ra8 b3 48. Rb8 a5 49. Ng3 b2 50. Bf3 Qe5 51. Rb6 c3 52. Be4 Qxe4+ 53.
Nxe4 c2 0-1

[Event "1.DeutChessOrgAmatPokVoelklingen GrAB"]
[Site "?"]
[Date "2000.10.06"]
[Round "1"]
[White "Bertino, Paolo"]
[Black "Berrang, Gerrit"]
[Result "0-1"]
[WhiteElo "2136"]
[BlackElo "1833"]
[PlyCount "68"]
[EventDate "2000.??.??"]

1. d4 Nf6 2. Nf3 e6 3. Bf4 b6 4. e3 Bb7 5. Nbd2 Be7 6. Bd3 d6 7. h3 Nbd7 8. O-O
O-O 9. c3 c5 10. Qe2 cxd4 11. cxd4 Nd5 12. Bh2 Nb4 13. Bb1 Rc8 14. Ne1 Ba6 15.
Nd3 Nc2 16. Bxc2 Rxc2 17. Rfc1 Rxb2 18. e4 e5 19. Rab1 Rxa2 20. Ra1 Rxa1 21.
Rxa1 Qc8 22. Qe3 exd4 23. Qxd4 Bf6 24. e5 dxe5 25. Nxe5 Nxe5 26. Bxe5 Rd8 27.
Bxf6 Rxd4 28. Bxd4 Qd7 29. Rxa6 Qxd4 30. Rxa7 h6 31. Ra2 b5 32. Kf1 Qd3+ 33.
Ke1 Qd5 34. Rb2 Qe5+ 0-1

[Event "1.DeutChessOrgAmatPokVoelklingen GrAB"]
[Site "?"]
[Date "2000.10.06"]
[Round "1"]
[White "Wilmes, Marcel"]
[Black "Busche, Stephan"]
[Result "1/2-1/2"]
[WhiteElo "1820"]
[BlackElo "2136"]
[PlyCount "89"]
[EventDate "2000.??.??"]

1. e4 e5 2. Nf3 Nc6 3. d4 exd4 4. Nxd4 Bc5 5. Nb3 Bb6 6. Be2 d6 7. O-O Nge7 8.
Nc3 O-O 9. Na4 d5 10. Nxb6 axb6 11. exd5 Qxd5 12. Qxd5 Nxd5 13. c4 Ndb4 14. Bf4
Na6 15. Rfd1 Be6 16. Rd2 Rfd8 17. Rad1 Rxd2 18. Rxd2 Kf8 19. a3 Ke7 20. Nd4
Nxd4 21. Rxd4 Rd8 22. Rxd8 Kxd8 23. Kf1 Nc5 24. b4 Ne4 25. f3 Nf6 26. Ke1 Kd7
27. Kd2 Ne8 28. Kc3 Nd6 29. g4 f6 30. h4 h6 31. Be3 Nf7 32. f4 Nd6 33. f5 Bf7
34. Bd3 Bg8 35. Kd4 Bf7 36. c5 bxc5+ 37. bxc5 Nc8 38. g5 hxg5 39. hxg5 fxg5 40.
Bxg5 Ne7 41. Bxe7 Kxe7 42. Ke5 Bb3 43. Be4 b6 44. cxb6 cxb6 45. Bc6 1/2-1/2

[Event "1.DeutChessOrgAmatPokVoelklingen GrAB"]
[Site "?"]
[Date "2000.10.06"]
[Round "1"]
[White "Becking, Franz Josef"]
[Black "Blasius, Stefan"]
[Result "0-1"]
[WhiteElo "2095"]
[BlackElo "1717"]
[PlyCount "118"]
[EventDate "2000.??.??"]

1. d4 Nf6 2. Nf3 d5 3. Bf4 c5 4. c3 Bf5 5. e3 Qb6 6. Qb3 Nbd7 7. Nbd2 c4 8.
Qxb6 axb6 9. h3 e6 10. g4 Be4 11. Nxe4 Nxe4 12. Ne5 f6 13. Nxd7 Kxd7 14. Bg2
Nd6 15. O-O Be7 16. Rfe1 h5 17. a3 hxg4 18. hxg4 Rh4 19. f3 f5 20. Bg3 Rh6 21.
Be5 fxg4 22. fxg4 Rg6 23. Bf3 Rf8 24. Rf1 Nf5 25. Bf4 Nh4 26. Be2 Nf5 27. e4
dxe4 28. Rad1 Nh4 29. Kh2 Nf3+ 30. Bxf3 Rxf4 31. Be2 Rh6+ 32. Kg2 Bd6 33. Rxf4
Bxf4 34. Bxc4 Rh2+ 35. Kg1 Rxb2 36. Re1 e3 37. Re2 Rb1+ 38. Kg2 Rc1 39. Bb5+
Kd6 40. Kf3 Bg5 41. c4 Rf1+ 42. Kg3 Rg1+ 43. Kf3 Rf1+ 44. Kg3 Rg1+ 45. Kf3 e5
46. dxe5+ Kxe5 47. Rb2 Bf4 48. Rg2 Rf1+ 49. Ke2 Ra1 50. Kf3 g5 51. Bd7 Rxa3 52.
Rb2 Kd6 53. Bf5 Kc5 54. Bc8 Rc3 55. Rb5+ Kc6 56. Rf5 Rc2 57. Rf6+ Kc7 58. Rf8
Rf2+ 59. Ke4 e2 0-1

[Event "1.Deut.ChessOrgAmatPok Voelklingen Sen"]
[Site "?"]
[Date "2000.10.06"]
[Round "1"]
[White "Gerhardt, Peter-Michael"]
[Black "Wolf, Alfred"]
[Result "1/2-1/2"]
[WhiteElo "2145"]
[BlackElo "1800"]
[PlyCount "112"]
[EventDate "2000.??.??"]

1. d4 d5 2. c4 e6 3. Nc3 Nf6 4. Bg5 Be7 5. e3 c6 6. Nf3 Nbd7 7. Qc2 h6 8. Bh4
a6 9. Rc1 O-O 10. Be2 Re8 11. O-O dxc4 12. Bxc4 Nd5 13. Bg3 Nxc3 14. Qxc3 Bf6
15. Rfd1 c5 16. Qa3 Qb6 17. b3 Qa7 18. Be2 b6 19. dxc5 bxc5 20. Bd6 Be7 21.
Bxe7 Rxe7 22. Qa4 Qb6 23. Nd2 Bb7 24. Qh4 Nf6 25. Nc4 Qc7 26. Qg3 Qxg3 27. hxg3
Rc7 28. Nb6 Rb8 29. Na4 Rbc8 30. Rd6 a5 31. f3 Kf8 32. e4 Ke7 33. Rd2 Nd7 34.
Bb5 Nb8 35. Rdc2 Ba6 36. Bf1 Bxf1 37. Kxf1 Na6 38. Nb6 Rb8 39. Nc4 Rb5 40. Rc3
Rcb7 41. e5 Rb8 42. Nd6 Rb4 43. Ne4 a4 44. bxa4 Rxa4 45. a3 Rc8 46. Rb3 Rc7 47.
Nc3 Ra5 48. a4 c4 49. Rb5 Rxb5 50. axb5 Nb4 51. Ra1 Rb7 52. Ra5 Nd5 53. Ra3
Nxc3 54. Rxc3 Rxb5 55. Rxc4 Rxe5 56. Rc7+ Kf6 1/2-1/2

[Event "1.Deut.ChessOrgAmatPok Voelklingen Sen"]
[Site "?"]
[Date "2000.10.06"]
[Round "1"]
[White "Pukropski, Walter"]
[Black "Moeckel, Edgar Dr."]
[Result "1/2-1/2"]
[WhiteElo "1796"]
[BlackElo "2107"]
[PlyCount "81"]
[EventDate "2000.??.??"]

1. d4 d5 2. Nf3 Nf6 3. Bf4 c5 4. e3 Nc6 5. c3 Qb6 6. Qb3 Qxb3 7. axb3 e6 8. Na3
Kd7 9. Ng5 cxd4 10. exd4 Bxa3 11. Rxa3 Rf8 12. Bb5 Ke7 13. O-O Bd7 14. Rfa1 a6
15. Bd3 h6 16. Nf3 g5 17. Bd2 Ne4 18. Be1 f5 19. b4 Na7 20. Ne5 Be8 21. c4 dxc4
22. Bxc4 Rg8 23. d5 Bb5 24. Rh3 Bxc4 25. Nxc4 exd5 26. Nb6 Rad8 27. Rxh6 Kf7
28. f3 Nf6 29. Bf2 Nb5 30. Bc5 Kg7 31. Rh3 Rge8 32. Kf2 Re6 33. Rg3 Kh6 34. Re1
Rde8 35. Rxe6 Rxe6 36. h4 g4 37. fxg4 Ne4+ 38. Kf3 Nxg3 39. Kxg3 fxg4 40. Nxd5
Re2 41. Nf4 1/2-1/2

[Event "1.Deut.ChessOrgAmatPok Voelklingen Sen"]
[Site "?"]
[Date "2000.10.06"]
[Round "1"]
[White "Escher, Helmut"]
[Black "Haasper, Peter"]
[Result "1-0"]
[WhiteElo "2039"]
[BlackElo "1782"]
[PlyCount "75"]
[EventDate "2000.??.??"]

1. d4 Nf6 2. c4 e5 3. dxe5 Ng4 4. e4 Nxe5 5. f4 Nec6 6. Be3 Na6 7. Nf3 Bc5 8.
Bxc5 Nxc5 9. Nc3 d6 10. Qd2 Bg4 11. O-O-O O-O 12. h3 Bxf3 13. gxf3 Ne7 14. f5
Nd7 15. Be2 a5 16. Rdg1 Kh8 17. h4 Nf6 18. h5 h6 19. f4 c6 20. Bf3 Qc7 21. Kb1
Rad8 22. Qd4 c5 23. Qd2 b6 24. Nb5 Qb8 25. Rd1 Ne8 26. Rhg1 Nc8 27. Qe3 Ne7 28.
Rd2 f6 29. Rgd1 Rf7 30. Rd3 Nc8 31. e5 fxe5 32. fxe5 Rxf5 33. exd6 Ncxd6 34.
Nxd6 Nxd6 35. Qe7 Rf6 36. Bc6 Rf7 37. Rxd6 Rxd6 38. Qxd6 1-0

[Event "1.Deut.ChessOrgAmatPok Voelklingen Sen"]
[Site "?"]
[Date "2000.10.06"]
[Round "1"]
[White "Schampel, Arno"]
[Black "Will, Michael"]
[Result "0-1"]
[WhiteElo "1755"]
[BlackElo "1907"]
[PlyCount "68"]
[EventDate "2000.??.??"]

1. d4 d5 2. Nf3 e6 3. c4 f5 4. Nc3 Nf6 5. Bg5 Be7 6. e3 c6 7. Ne5 O-O 8. cxd5
exd5 9. Bd3 Ne4 10. Bxe7 Qxe7 11. Qc2 Nd7 12. Nxd7 Bxd7 13. O-O-O Nxc3 14. Qxc3
g6 15. h4 f4 16. Rde1 Qf6 17. e4 dxe4 18. Bxe4 Be6 19. Kb1 Rfd8 20. Rd1 Bd5 21.
f3 Qf7 22. b3 a5 23. h5 g5 24. h6 a4 25. Bxd5 Rxd5 26. b4 Rad8 27. Kb2 Qd7 28.
Qc4 b5 29. Qc3 Rxd4 30. Rhe1 a3+ 31. Kxa3 Qa7+ 32. Kb2 Rxd1 33. Rxd1 Rxd1 34.
Qb3+ Rd5 0-1

[Event "1.Deut.ChessOrgAmatPok Voelklingen Sen"]
[Site "?"]
[Date "2000.10.06"]
[Round "1"]
[White "Gimber, Robert"]
[Black "Scheerer, Helmut"]
[Result "1-0"]
[WhiteElo "1684"]
[BlackElo "1851"]
[PlyCount "59"]
[EventDate "2000.??.??"]

1. Nf3 d5 2. d4 Nf6 3. c4 e6 4. Bg5 Be7 5. Nc3 O-O 6. e3 Nbd7 7. Rc1 c6 8. Bd3
dxc4 9. Bxc4 Nd5 10. Bxe7 Qxe7 11. O-O Nxc3 12. Rxc3 e5 13. dxe5 Nxe5 14. Nxe5
Qxe5 15. f4 Qe4 16. Qc1 Bf5 17. Bd3 Qe6 18. e4 Bg4 19. h3 Bh5 20. g4 Bxg4 21.
hxg4 Qxg4+ 22. Kf2 Rad8 23. Qe3 Rd6 24. Rg1 Qd7 25. e5 Rh6 26. Qg3 f5 27. Bc4+
Kh8 28. Rd3 Qe7 29. Kf1 Rg6 30. Qxg6 1-0

[Event "1.Deut.ChessOrgAmatPok Voelklingen Sen"]
[Site "?"]
[Date "2000.10.06"]
[Round "1"]
[White "Simon, Eberhard"]
[Black "Dunkel, Horst"]
[Result "1-0"]
[WhiteElo "1842"]
[BlackElo "1651"]
[PlyCount "53"]
[EventDate "2000.??.??"]

1. e4 d5 2. exd5 Qxd5 3. Nc3 Qa5 4. Bc4 Bf5 5. Nf3 Nf6 6. O-O e6 7. d3 Nbd7 8.
Re1 Bb4 9. Bd2 c6 10. Qe2 O-O 11. a3 Bxc3 12. Bxc3 Qc7 13. Ne5 Nd5 14. Bd2 Nxe5
15. Qxe5 Qxe5 16. Rxe5 Rfd8 17. Rae1 h6 18. h3 Rac8 19. g4 Bg6 20. Kh2 Nb6 21.
Bb3 Nd7 22. R5e2 Nc5 23. Ba2 Nd7 24. Kg3 a6 25. f4 Re8 26. f5 Bh7 27. fxe6 1-0

[Event "1.Deut.ChessOrgAmatPok Voelklingen Sen"]
[Site "?"]
[Date "2000.10.06"]
[Round "1"]
[White "Backes, Robert"]
[Black "Passeier, Helmut"]
[Result "1/2-1/2"]
[WhiteElo "1642"]
[BlackElo "1825"]
[PlyCount "48"]
[EventDate "2000.??.??"]

1. e4 c5 2. Nf3 d6 3. d4 cxd4 4. Nxd4 Nf6 5. Nc3 a6 6. Be3 b5 7. a3 Bb7 8. Bd3
g6 9. f3 Bg7 10. Qd2 h5 11. h4 Nbd7 12. Nce2 Nc5 13. b4 Na4 14. Rc1 d5 15. e5
Nh7 16. f4 e6 17. c3 Nf8 18. Qc2 Nb6 19. Nxe6 Nxe6 20. Bxg6 Nc4 21. Bf2 fxg6
22. Qxg6+ Kd7 23. f5 Bxe5 24. Qxe6+ Kc7 1/2-1/2

[Event "1.Deut.ChessOrgAmatPok Voelklingen Sen"]
[Site "?"]
[Date "2000.10.06"]
[Round "1"]
[White "Fleckner, Hans"]
[Black "Wolf, Margot"]
[Result "1-0"]
[WhiteElo "1817"]
[BlackElo "1166"]
[PlyCount "43"]
[EventDate "2000.??.??"]

1. e4 c6 2. d4 d5 3. exd5 cxd5 4. Bd3 Nc6 5. c3 Qc7 6. Ne2 e6 7. Bf4 Bd6 8.
Bxd6 Qxd6 9. Nd2 Nf6 10. Nf3 h6 11. Ng3 O-O 12. O-O Re8 13. Re1 b6 14. Ne5 Nd7
15. Nxf7 Kxf7 16. Qh5+ Kf8 17. Nf5 Nf6 18. Nxd6 Nxh5 19. Nxe8 Kxe8 20. Bg6+ Kf8
21. Bxh5 Bd7 22. Re3 1-0

[Event "1.Deut.ChessOrgAmatPok Voelklingen Sen"]
[Site "?"]
[Date "2000.10.06"]
[Round "1"]
[White "Hennige, Anneliese"]
[Black "Leschhorn, Heinrich"]
[Result "0-1"]
[WhiteElo "100"]
[BlackElo "1817"]
[PlyCount "52"]
[EventDate "2000.??.??"]

1. e4 Nf6 2. Nf3 Nxe4 3. d3 Nf6 4. Nc3 e6 5. Bg5 Be7 6. Be2 d5 7. O-O O-O 8.
Qd2 c5 9. b3 Nc6 10. a3 a6 11. Bh4 b5 12. Rfe1 Bb7 13. Qg5 Ne4 14. Qg4 Nxc3 15.
Bf1 Bxh4 16. Nxh4 Nd4 17. Rec1 Nce2+ 18. Bxe2 Nxe2+ 19. Qxe2 Qxh4 20. Rf1 d4
21. f3 Rae8 22. Rae1 e5 23. Qf2 Qg5 24. Re2 Re6 25. Rfe1 Rfe8 26. g4 Qf4 0-1

[Event "1.Deut.ChessOrgAmatPok Voelklingen GrC"]
[Site "?"]
[Date "2000.10.06"]
[Round "1"]
[White "Ragg, Wolfgang"]
[Black "van Hove, Ode"]
[Result "1/2-1/2"]
[WhiteElo "1695"]
[BlackElo "1447"]
[PlyCount "92"]
[EventDate "2000.??.??"]

1. e4 e5 2. Bc4 Nf6 3. d4 Nc6 4. d5 Ne7 5. Nc3 Ng6 6. Nge2 h6 7. O-O Bc5 8. Ng3
O-O 9. Na4 Be7 10. Bb3 b5 11. Nc3 a6 12. Be3 Bb4 13. Nce2 d6 14. c3 Ba5 15. Bc2
Rb8 16. h3 Nh7 17. Qd2 Bd7 18. f4 exf4 19. Nxf4 Nxf4 20. Bxf4 Bb6+ 21. Be3 Re8
22. Bxb6 Rxb6 23. Qf4 Nf6 24. Rae1 Re5 25. Rf3 Qe8 26. Ref1 Rb8 27. Qe3 Ra8 28.
Rf4 Nxd5 29. Qd4 Nxf4 30. Rxf4 Qe7 31. Kh2 Qg5 32. Rf1 Bc6 33. Bb3 Be8 34. Nf5
a5 35. Rf3 Kf8 36. Rg3 Qf4 37. Nxg7 Rxe4 38. Qd5 Re3 39. Nf5 Rxg3 40. Nxg3 a4
41. Qxa8 axb3 42. axb3 h5 43. Qf3 Qxf3 44. gxf3 f6 45. Kg2 Kg7 46. Nf5+ Kg6
1/2-1/2

[Event "1.Deut.ChessOrgAmatPokVoelklingen GrC "]
[Site "?"]
[Date "2000.10.06"]
[Round "1"]
[White "Kirschner, Gerhard,Dr"]
[Black "Kuhn, Heinz"]
[Result "1-0"]
[WhiteElo "1401"]
[BlackElo "1678"]
[PlyCount "173"]
[EventDate "2000.??.??"]

1. d4 c5 2. d5 d6 3. Nc3 Na6 4. e4 Nc7 5. Nf3 a6 6. Be2 b5 7. a3 g6 8. O-O Bg7
9. Bd2 Bd7 10. Qc1 Rb8 11. Rb1 f5 12. exf5 Bxf5 13. Rd1 b4 14. axb4 cxb4 15.
Na2 b3 16. cxb3 Bxb1 17. Qxb1 Rxb3 18. Bc3 Nf6 19. Bc4 Rb7 20. Qc2 O-O 21. Nb4
Nb5 22. Nc6 Qc8 23. Ba5 Qg4 24. Qd3 Nh5 25. h3 Qf5 26. Qxf5 Rxf5 27. Re1 Kf8
28. Nd8 Rd7 29. Ne6+ Kg8 30. Bd3 Rf6 31. Bd2 Nc7 32. Nxc7 Rxc7 33. Ng5 Bh6 34.
h4 Bxg5 35. hxg5 Rf8 36. Bxa6 Nf4 37. b3 Kg7 38. Bc4 Rf5 39. Bxf4 Rxf4 40. g3
Rg4 41. Kg2 Rxg5 42. Re4 Rf5 43. f3 Rf7 44. b4 Rb7 45. b5 Kf8 46. Re3 Ke8 47.
Ra3 Kd8 48. Ra6 Kc7 49. Rc6+ Kd7 50. Ra6 Rf8 51. Kf2 Rc8 52. Rc6 Rbb8 53. Bf1
Rxc6 54. dxc6+ Kc7 55. Ke3 Ra8 56. Bd3 Ra3 57. Ke4 e5 58. Be2 Ra4+ 59. Ke3 g5
60. g4 d5 61. Kd3 Ra3+ 62. Kd2 Kb6 63. Bd3 h6 64. Be2 d4 65. Bd3 Ra2+ 66. Kd1
Ra1+ 67. Ke2 Rc1 68. Kd2 Rh1 69. Ke2 Kc7 70. Kf2 Kb6 71. Ke2 Ra1 72. Kd2 Ra8
73. Ke2 Rf8 74. Kf2 Kc5 75. Ke2 Ra8 76. Kf2 Ra2+ 77. Ke1 Kb6 78. Be2 Rc2 79.
Bd3 Rc3 80. Kd2 Rc5 81. Ke2 Ka5 82. Kd2 Kb4 83. Be2 Rc3 84. Bd3 Kb3 85. Be4 Ka4
86. b6 Rb3 87. b7 1-0

[Event "1.Deut.ChessOrgAmatPok Voelklingen GrC"]
[Site "?"]
[Date "2000.10.06"]
[Round "1"]
[White "Bruene, Gerhard Prf."]
[Black "Conrad, Egon"]
[Result "0-1"]
[WhiteElo "1345"]
[BlackElo "1643"]
[PlyCount "98"]
[EventDate "2000.??.??"]

1. d4 d5 2. Nf3 Nf6 3. c4 e6 4. Bg5 Nbd7 5. Nc3 c6 6. e3 Qa5 7. Nd2 dxc4 8.
Bxf6 Nxf6 9. Bxc4 Bb4 10. Qc2 O-O 11. O-O e5 12. Nb3 Qc7 13. Be2 Bd6 14. g3 Qd7
15. dxe5 Bxe5 16. f4 Bc7 17. Bf3 Bb6 18. Rfe1 Ng4 19. Bxg4 Qxg4 20. Qf2 Re8 21.
Na4 Bc7 22. Rad1 Bf5 23. Nc3 Re7 24. Nd4 Bd7 25. a3 Rae8 26. Nc2 Bb6 27. Rd2
Bf5 28. Nd1 Qg6 29. b4 h5 30. Nd4 Bg4 31. Nf3 Qe4 32. Ne5 Bxd1 33. Rdxd1 f6 34.
Qa2+ Kh7 35. Nc4 Bc7 36. Rd4 Qg6 37. Kf2 f5 38. Qe2 b5 39. Ne5 Bxe5 40. fxe5
Rxe5 41. Rh4 Kh6 42. Qf3 Qf7 43. Re2 Re4 44. Rf4 g6 45. Rxe4 Rxe4 46. Rd2 Qb3
47. Qe2 Qxa3 48. Ra2 Qxb4 49. Rxa7 Qc3 0-1

[Event "1.Deut.ChessOrgAmatPok Voelklingen GrC"]
[Site "?"]
[Date "2000.10.06"]
[Round "1"]
[White "Schroeder, Werner"]
[Black "Pillath, Marcus"]
[Result "1-0"]
[WhiteElo "1620"]
[BlackElo "1338"]
[PlyCount "65"]
[EventDate "2000.??.??"]

1. e4 c6 2. c4 d5 3. cxd5 cxd5 4. exd5 Qxd5 5. Nc3 Qe5+ 6. Qe2 Qxe2+ 7. Bxe2 a6
8. Nd5 Ra7 9. d3 Nc6 10. Be3 Nf6 11. Nxf6+ exf6 12. Bxa7 Nxa7 13. a3 Bd6 14.
Nf3 O-O 15. O-O Re8 16. Rfe1 Nc6 17. Bf1 Rxe1 18. Rxe1 Bd7 19. d4 Kf8 20. b4
Bg4 21. d5 Bxf3 22. gxf3 Nd4 23. Re3 f5 24. Rd3 Nc2 25. Be2 a5 26. Bd1 Na1 27.
bxa5 Be5 28. d6 Ke8 29. Ba4+ Kd8 30. d7 h5 31. Re3 f6 32. f4 b5 33. axb6 1-0

[Event "1.Deut.ChessOrgAmatPokVoelklingen GrC "]
[Site "?"]
[Date "2000.10.06"]
[Round "1"]
[White "Weinz, Andre"]
[Black "Kemmer, Josef"]
[Result "0-1"]
[WhiteElo "1288"]
[BlackElo "1534"]
[PlyCount "72"]

1. e4 c5 2. Nc3 e6 3. Nf3 Nc6 4. Bb5 Nge7 5. d3 a6 6. Bxc6 Nxc6 7. O-O d6 8. d4
cxd4 9. Nxd4 Be7 10. Nxc6 bxc6 11. Qd4 Bf6 12. Qa4 O-O 13. Qxc6 Rb8 14. Rd1 Be5
15. f4 Bb7 16. Qc4 Qb6+ 17. Kf1 Bxc3 18. Qxc3 Bxe4 19. Be3 Qb5+ 20. Kf2 Rfc8
21. a4 Qh5 22. Qa3 Rxc2+ 23. Rd2 Rxd2+ 24. Bxd2 Qd5 25. Bc3 Bxg2 26. Ke3 Qf3+
27. Kd2 Qxf4+ 28. Kc2 Bd5 29. Rg1 Be4+ 30. Kd1 Qf3+ 31. Ke1 Qe3+ 32. Kf1 Bd3+
33. Kg2 Rd8 34. Bb4 Rc8 35. Bc3 Rc5 36. Bxg7 Rg5+ 0-1

[Event "1.Deut.ChessOrgAmatPokVoelklingen GrC "]
[Site "?"]
[Date "2000.10.06"]
[Round "1"]
[White "Zimmer, Bernhard"]
[Black "Woelk, Peter"]
[Result "0-1"]
[WhiteElo "729"]
[BlackElo "1516"]
[PlyCount "58"]

1. Nf3 d5 2. d4 Nf6 3. c4 e6 4. Nc3 c6 5. a3 Be7 6. Qc2 Nbd7 7. e4 dxe4 8. Nxe4
Nxe4 9. Qxe4 Nf6 10. Qc2 O-O 11. Bd3 h6 12. Be3 Qc7 13. c5 Nd5 14. Bd2 Bf6 15.
O-O-O Bd7 16. Rde1 Rfd8 17. g4 Nf4 18. g5 hxg5 19. h4 Nxd3+ 20. Qxd3 g4 21. Re4
gxf3 22. Bg5 e5 23. Bxf6 Bf5 24. Rg1 g6 25. h5 Rxd4 26. Qxf3 Bxe4 27. Qg3 Rc4+
28. Kd2 Qd7+ 29. Ke2 Rc2+ 0-1

[Event "1.Deut.ChessOrgAmatPokVoelklingen GrC "]
[Site "?"]
[Date "2000.10.06"]
[Round "1"]
[White "Schreiber, Winfried"]
[Black "Bastian , Stephan"]
[Result "1-0"]
[WhiteElo "1452"]
[BlackElo "491"]
[PlyCount "101"]

1. c4 e5 2. Nc3 Nc6 3. Nf3 d6 4. g3 Bg4 5. Bg2 Bxf3 6. Bxf3 Nf6 7. d3 Rb8 8.
O-O Nd4 9. Bg2 c6 10. Bg5 h6 11. Be3 Qb6 12. Na4 Qc7 13. Bxd4 exd4 14. b3 b5
15. Nb2 bxc4 16. dxc4 c5 17. Re1 a5 18. e3 dxe3 19. Rxe3+ Be7 20. Qe2 Rd8 21.
Re1 Rd7 22. Bh3 O-O 23. Bxd7 Qxd7 24. Rxe7 Qh3 25. Qf1 Qh5 26. Kg2 Ng4 27. h3
Ne5 28. f4 Nc6 29. Re8 f6 30. Rxf8+ Kxf8 31. Qf3 Qxf3+ 32. Kxf3 Nb4 33. a4 Nc6
34. Ke4 Nd4 35. Re3 Ke7 36. Kd3+ Kd7 37. Kc3 g6 38. g4 Ne6 39. Nd3 g5 40. f5
Nd4 41. b4 axb4+ 42. Nxb4 Kd8 43. Nd5 Nc6 44. Re6 Nd4 45. Rxd6+ Ke8 46. Nxf6+
Ke7 47. Rxd4 cxd4+ 48. Kxd4 Kxf6 49. Kd5 h5 50. a5 hxg4 51. hxg4 1-0